000 00296nam a22001337a 4500
008 170904b xxu||||| |||| 00| 0 eng d
020 _a9780312596149
041 _aeng
080 _a070
100 _a40
101 _aMED
245 _aEVRYTHING AB ARGUMENT
_cLUNSFORD.A.A
942 _2udc
_cBK
999 _c26036
_d26036